[Event "Maresme op 16th"]
[Site "Maresme"]
[Date "2019.09.29"]
[Round "1"]
[White "Ten Gomez, Sergi"]
[Black "Molina Tabernero, Jordi"]
[Result "1-0"]
[WhiteElo "1839"]
[BlackElo "1396"]
[PlyCount "69"]
[EventDate "2019.09.29"]
[EventType "swiss"]
[EventRounds "8"]
[EventCountry "ESP"]
[SourceTitle "CBM 193 Extra"]
[Source "ChessBase"]
[SourceDate "2020.01.31"]
[SourceVersion "1"]
[SourceVersionDate "2020.01.31"]
[SourceQuality "1"]

1. e4 c5 2. d4 cxd4 3. c3 dxc3 4. Nxc3 d6 5. Nf3 Nf6 6. Bc4 e6 7. 0-0 a6 8. Qe2 Nbd7 9. Rd1 Ng4 10. Bf4 Qc7 11. Rac1 Nge5 12. Nxe5 Nxe5 13. Bb3 Be7 14. Nb5 Qxc1 15. Rxc1 axb5 16. Qxb5+ Nd7 17. Rc7 0-0 18. Rxd7 Bxd7 19. Qxd7 e5 20. Be3 Rfe8 21. Qxb7 Rab8 22. Qd5 Rf8 23. g3 Rbc8 24. a4 h6 25. Bc4 Kh8 26. b4 Rc7 27. Bb6 Rcc8 28. a5 Bd8 29. Bxd8 Rcxd8 30. a6 f5 31. b5 fxe4 32. Qxe4 Rd7 33. b6 Rdd8 34. b7 Rb8 35. a7 1-0

[Event "Mem Vinas 15th A"]
[Site "Mataro"]
[Date "2019.06.29"]
[Round "8.7"]
[White "Escribano Rodriguez, Pedro"]
[Black "Ten Gomez, Sergi"]
[Result "1-0"]
[WhiteElo "1982"]
[BlackElo "1833"]
[PlyCount "69"]
[EventDate "2019.05.04"]
[EventType "swiss"]
[EventRounds "8"]
[EventCountry "ESP"]
[SourceTitle "EXT 2024"]
[Source "ChessBase"]
[SourceDate "2023.10.10"]
[SourceVersion "1"]
[SourceVersionDate "2023.10.10"]
[SourceQuality "1"]

1. e4 g6 2. d4 Bg7 3. c4 e6 4. Nc3 d6 5. Nf3 b6 6. Be2 Bb7 7. 0-0 Ne7 8. Bg5 0-0 9. Qd2 a6 10. Rfe1 Nd7 11. Rad1 Rc8 12. b4 Qe8 13. b5 a5 14. Bh6 Kh8 15. Bxg7+ Kxg7 16. h3 Rd8 17. Nh2 e5 18. Ng4 Ng8 19. Nd5 Bxd5 20. cxd5 h5 21. Nh2 Ngf6 22. Bf1 exd4 23. e5 dxe5 24. Nf3 Nxd5 25. Nxd4 Nb8 26. Qg5 f5 27. Bc4 Nf4 28. Nxf5+ Rxf5 29. Qxd8 Rf8 30. Qxc7+ Kh6 31. Rxe5 Qc8 32. Re7 Qf5 33. Rh7+ Kg5 34. Qe7+ Rf6 35. Qe3 1-0

[Event "Mem Vinas 15th A"]
[Site "Mataro"]
[Date "2019.05.04"]
[Round "1.15"]
[White "Agapito Garrido, Bernat"]
[Black "Ten Gomez, Sergi"]
[Result "0-1"]
[WhiteElo "1529"]
[BlackElo "1833"]
[PlyCount "74"]
[EventDate "2019.05.04"]
[EventType "swiss"]
[EventRounds "8"]
[EventCountry "ESP"]
[SourceTitle "EXT 2024"]
[Source "ChessBase"]
[SourceDate "2023.10.10"]
[SourceVersion "1"]
[SourceVersionDate "2023.10.10"]
[SourceQuality "1"]

1. e4 g6 2. d4 Bg7 3. Nc3 c6 4. Be3 Nf6 5. f3 d6 6. Qd2 b5 7. Bh6 Bxh6 8. Qxh6 Nbd7 9. g4 Qa5 10. Bd3 b4 11. Nce2 b3+ 12. c3 Rb8 13. a3 c5 14. Qh4 Ba6 15. Bxa6 Qxa6 16. Qf2 cxd4 17. Qxd4 Ne5 18. Rd1 Rc8 19. g5 Rc4 20. Qe3 Nfd7 21. f4 Nc6 22. Nf3 Nc5 23. Nfd4 Na5 24. e5 0-0 25. exd6 exd6 26. h4 Qc8 27. h5 Re8 28. Qf3 Ne6 29. hxg6 fxg6 30. Qh3 h5 31. gxh6 Nxf4 32. Qxc8 Rcxc8 33. Rf1 Ng2+ 34. Kf2 Ne3 35. Nb5 Nxd1+ 36. Rxd1 Rf8+ 37. Kg2 Nc4 0-1

[Event "Maresme op 15th"]
[Site "Maresme"]
[Date "2018.12.01"]
[Round "9"]
[White "Ten Gomez, Sergi"]
[Black "Mendoza Barbera, Pablo"]
[Result "0-1"]
[WhiteElo "1787"]
[BlackElo "1919"]
[PlyCount "46"]
[EventDate "2018.09.29"]
[EventType "swiss"]
[EventRounds "9"]
[EventCountry "ESP"]
[SourceTitle "EXT 2024"]
[Source "ChessBase"]
[SourceDate "2023.10.10"]
[SourceVersion "1"]
[SourceVersionDate "2023.10.10"]
[SourceQuality "1"]

1. e4 c5 2. Nf3 d6 3. Nc3 a6 4. a4 b6 5. Bc4 e6 6. 0-0 Be7 7. d3 Nf6 8. e5 dxe5 9. Nxe5 0-0 10. Re1 Qc7 11. Qf3 Bd6 12. Bf4 Bb7 13. Qh3 Nc6 14. Nxf7 Bxf4 15. Rxe6 Rxf7 16. Rae1 Ne5 17. Rxf6 gxf6 18. Bd5 Kh8 19. Re4 Ng6 20. Qe6 Rff8 21. Qf5 Ne7 22. Rxe7 Qxe7 23. Ne4 Bxd5 0-1

[Event "Maresme op 15th"]
[Site "Maresme"]
[Date "2018.11.17"]
[Round "7"]
[White "Ten Gomez, Sergi"]
[Black "Ruiz Manchon, Francesco Xavier"]
[Result "0-1"]
[WhiteElo "1787"]
[BlackElo "2119"]
[PlyCount "76"]
[EventDate "2018.09.29"]
[EventType "swiss"]
[EventRounds "9"]
[EventCountry "ESP"]
[SourceTitle "EXT 2024"]
[Source "ChessBase"]
[SourceDate "2023.10.10"]
[SourceVersion "1"]
[SourceVersionDate "2023.10.10"]
[SourceQuality "1"]

1. e4 c5 2. d4 cxd4 3. c3 Nf6 4. e5 Nd5 5. Nf3 Nc6 6. Bc4 Nb6 7. Bb3 d5 8. 0-0 Bg4 9. Bf4 e6 10. h3 Bh5 11. g4 Bg6 12. cxd4 Be7 13. Nc3 0-0 14. a3 Rc8 15. Ne2 Nc4 16. Bxc4 dxc4 17. Qd2 Qd5 18. Qe3 Rfd8 19. Nc3 Qa5 20. Ne4 Bxe4 21. Qxe4 Qb6 22. Be3 Rd5 23. Rfc1 Na5 24. Nd2 Qa6 25. b4 Nc6 26. Nxc4 Nxd4 27. Bxd4 Rxc4 28. Rxc4 Qxc4 29. Rd1 a5 30. Qe3 axb4 31. Rc1 Qxd4 32. Rc8+ Bf8 33. Qg5 h6 34. Qe7 Qxe5 35. Rxf8+ Kh7 36. Qxf7 Rd1+ 37. Kg2 Qd5+ 38. f3 Qd2+ 0-1

[Event "Maresme op 15th"]
[Site "Maresme"]
[Date "2018.11.10"]
[Round "6"]
[White "Franch Capdevila, Ramon"]
[Black "Ten Gomez, Sergi"]
[Result "0-1"]
[WhiteElo "1968"]
[BlackElo "1787"]
[PlyCount "118"]
[EventDate "2018.09.29"]
[EventType "swiss"]
[EventRounds "9"]
[EventCountry "ESP"]
[SourceTitle "EXT 2024"]
[Source "ChessBase"]
[SourceDate "2023.10.10"]
[SourceVersion "1"]
[SourceVersionDate "2023.10.10"]
[SourceQuality "1"]

1. e4 g6 2. f4 Bg7 3. d4 c5 4. c3 d5 5. Bb5+ Bd7 6. Bxd7+ Qxd7 7. e5 cxd4 8. cxd4 Nc6 9. Nf3 Nh6 10. 0-0 0-0 11. Nc3 f6 12. a3 fxe5 13. Nxe5 Nxe5 14. fxe5 Rxf1+ 15. Kxf1 Rf8+ 16. Kg1 Nf5 17. Qd3 e6 18. Bd2 Qd8 19. Ne2 Qb6 20. Kh1 Rc8 21. Rc1 Rc6 22. b4 Bf8 23. b5 Rxc1+ 24. Bxc1 Qa5 25. g3 Qe1+ 26. Kg2 Nxd4 27. Nxd4 Qxc1 28. Nxe6 Qb2+ 29. Kh3 Qxe5 30. Nf4 g5 31. Qxd5+ Qxd5 32. Nxd5 Bxa3 33. Nf6+ Kf7 34. Ne4 h6 35. Kg4 a5 36. Nc3 Kg6 37. Kf3 h5 38. Ke4 Kf6 39. Nd5+ Ke6 40. Nb6 g4 41. Kf4 Bc1+ 42. Ke4 Bd2 43. Na4 Kd6 44. Kd3 Be1 45. Ke2 Bb4 46. Kd3 Kd5 47. Nb6+ Kc5 48. Nd7+ Kxb5 49. Nf6 Be7 50. Nxh5 Kb4 51. Kc2 a4 52. Kb2 Bc5 53. Nf4 Kc4 54. h3 gxh3 55. Nxh3 b5 56. Nf4 b4 57. Ne2 b3 58. Nc1 a3+ 59. Kb1 Be3 0-1

[Event "Maresme op 15th"]
[Site "Maresme"]
[Date "2018.11.03"]
[Round "5"]
[White "Ten Gomez, Sergi"]
[Black "Alonso Gomez, Raul"]
[Result "1/2-1/2"]
[WhiteElo "1787"]
[BlackElo "1909"]
[PlyCount "144"]
[EventDate "2018.09.29"]
[EventType "swiss"]
[EventRounds "9"]
[EventCountry "ESP"]
[SourceTitle "EXT 2024"]
[Source "ChessBase"]
[SourceDate "2023.10.10"]
[SourceVersion "1"]
[SourceVersionDate "2023.10.10"]
[SourceQuality "1"]

1. e4 c5 2. Nf3 Nc6 3. d4 cxd4 4. c3 Nf6 5. e5 Nd5 6. Bc4 e6 7. 0-0 d6 8. Bxd5 exd5 9. Re1 Be7 10. exd6 Qxd6 11. Bg5 0-0 12. Bxe7 Nxe7 13. Nxd4 Nf5 14. Na3 Bd7 15. Nac2 Nh4 16. Qh5 Ng6 17. Re3 Rae8 18. Rae1 Rxe3 19. Rxe3 a5 20. Nf5 Bxf5 21. Qxf5 b5 22. Nd4 b4 23. g3 bxc3 24. Rxc3 Qb4 25. Qxd5 Qxb2 26. Qxa5 Qb1+ 27. Kg2 Qe4+ 28. Nf3 Rb8 29. Re3 Qg4 30. Qg5 Qc4 31. a3 h6 32. Qf5 Rd8 33. Qe4 Qa2 34. Nd4 Qa1 35. Nf5 Qb2 36. Ne7+ Nxe7 37. Qxe7 Qd4 38. Qe4 Qa1 39. Qe7 Qd4 40. Qe4 Qa1 41. Rd3 Rb8 42. Qd5 Qb2 43. Rf3 Rb7 44. a4 Ra7 45. Rb3 Qc2 46. a5 Kh7 47. Rb7 Rxa5 48. Qxf7 Qe4+ 49. Qf3 Qxf3+ 50. Kxf3 Ra3+ 51. Kg4 Ra2 52. Rf7 Kg6 53. Rf4 h5+ 54. Kh4 Kh6 55. Rf5 g6 56. Rf6 Kg7 57. Rf3 Kh6 58. Kh3 Kg5 59. Kg2 Rb2 60. Ra3 Rb5 61. h3 Kf5 62. Kf3 Rc5 63. g4+ Kg5 64. gxh5 Kxh5 65. Ra4 Rc3+ 66. Kg2 Rc2 67. Kg3 Rc3+ 68. f3 Rc1 69. Rh4+ Kg5 70. Re4 Kf5 71. Ra4 Rg1+ 72. Kf2 Rb1 1/2-1/2

[Event "Maresme op 15th"]
[Site "Maresme"]
[Date "2018.10.20"]
[Round "3"]
[White "Asensio Linan, Teodoro"]
[Black "Ten Gomez, Sergi"]
[Result "1-0"]
[WhiteElo "2191"]
[BlackElo "1787"]
[PlyCount "75"]
[EventDate "2018.09.29"]
[EventType "swiss"]
[EventRounds "9"]
[EventCountry "ESP"]
[SourceTitle "EXT 2020"]
[Source "ChessBase"]
[SourceDate "2019.10.17"]
[SourceVersion "1"]
[SourceVersionDate "2019.10.17"]
[SourceQuality "1"]

1. e4 g6 2. d4 Bg7 3. c4 d6 4. Nc3 Nc6 5. Nge2 e5 6. d5 Nd4 7. Nxd4 exd4 8. Nb5 Qe7 9. Be2 c6 10. dxc6 bxc6 11. Nxd4 Qxe4 12. Be3 Bxd4 13. Bxd4 f6 14. 0-0 Bd7 15. Bf3 Qf5 16. Re1+ Kf7 17. Re4 Nh6 18. Bc3 Rhd8 19. Qd2 g5 20. Qxd6 Kg6 21. Re7 Nf7 22. Rxf7 Kxf7 23. Bh5+ Kg8 24. Bxf6 Rf8 25. Bd4 Qe6 26. Qg3 h6 27. Bg4 Qe7 28. Qd3 Be8 29. Qc3 Kh7 30. Re1 Qf7 31. Bc5 Qf4 32. Bxf8 Qxf8 33. Qe5 Bg6 34. Qc7+ Kg8 35. Qxc6 Bf7 36. Be6 Rd8 37. Bxf7+ Kxf7 38. h3 1-0

[Event "Mataro Vinas Memorial 14th"]
[Site "Mataro"]
[Date "2018.04.21"]
[Round "3"]
[White "Ten Gomez, Sergi"]
[Black "Ruiz Planas, Adelito"]
[Result "1-0"]
[WhiteElo "1830"]
[BlackElo "1756"]
[PlyCount "42"]
[EventDate "2018.04.07"]
[EventType "swiss"]
[EventRounds "9"]
[EventCountry "ESP"]
[SourceTitle "EXT 2019"]
[Source "ChessBase"]
[SourceDate "2018.10.10"]
[SourceVersion "1"]
[SourceVersionDate "2018.10.10"]
[SourceQuality "1"]

1. e4 c5 2. d4 cxd4 3. c3 dxc3 4. Nxc3 d6 5. Nf3 e6 6. Bc4 Be7 7. 0-0 Nc6 8. Qe2 a6 9. Rd1 Qc7 10. Bf4 Nf6 11. Rac1 Ne5 12. Nxe5 dxe5 13. Nb5 Qa5 14. Bd2 Qb6 15. Nc7+ Qxc7 16. Bb5+ axb5 17. Rxc7 Bd6 18. Qxb5+ Bd7 19. Rxd7 Nxd7 20. Bb4 Bxb4 21. Qxd7+ Kf8 1-0

[Event "Maresme op 14th"]
[Site "Maresme"]
[Date "2017.11.18"]
[Round "7"]
[White "Llopis Jordan, Lluis"]
[Black "Ten Gomez, Sergi"]
[Result "1/2-1/2"]
[WhiteElo "1741"]
[BlackElo "1827"]
[PlyCount "112"]
[EventDate "2017.09.30"]
[EventType "swiss"]
[EventRounds "9"]
[EventCountry "ESP"]
[SourceTitle "CBM 181 Extra"]
[Source "ChessBase"]
[SourceDate "2017.12.12"]
[SourceVersion "1"]
[SourceVersionDate "2017.12.12"]
[SourceQuality "1"]

1. d4 g6 2. c4 Bg7 3. Nc3 d6 4. e4 Nc6 5. Be3 e5 6. d5 Nce7 7. Be2 Nf6 8. Nf3 Ng4 9. Bd2 0-0 10. h3 Nf6 11. Be3 Nh5 12. Nd2 Nf4 13. Bxf4 exf4 14. Qc2 f5 15. 0-0-0 fxe4 16. Ncxe4 Nf5 17. Nf3 Nh4 18. Nxh4 Qxh4 19. f3 Bf5 20. Bd3 Rae8 21. Rde1 Re7 22. Re2 Rfe8 23. Rhe1 Bd4 24. Kb1 c6 25. Qa4 c5 26. Rc1 a6 27. Rcc2 Bxe4 28. Bxe4 Qf6 29. Qa5 b5 30. cxb5 axb5 31. Qxb5 Ra8 32. Rcd2 Rea7 33. b3 Qd8 34. Qc4 Qb6 35. Bd3 Qa5 36. Qc2 Qb4 37. Qc4 Qb7 38. Qb5 Qg7 39. Re8+ Rxe8 40. Qxe8+ Qf8 41. Qxf8+ Kxf8 42. Re2 Be3 43. a4 Kg7 44. a5 Kf6 45. a6 Ke5 46. Bc4 Kd4 47. Kc2 g5 48. Re1 h5 49. Rd1+ Ke5 50. Kd3 h4 51. Ra1 Bf2 52. Rb1 Re7 53. Rb2 Be3 54. b4 cxb4 55. Rxb4 Kf6 56. Rb7 Re8 1/2-1/2

[Event "Maresme op 14th"]
[Site "Maresme"]
[Date "2017.11.11"]
[Round "6"]
[White "Ten Gomez, Sergi"]
[Black "Soler Casado, Manuel"]
[Result "1/2-1/2"]
[WhiteElo "1827"]
[BlackElo "1671"]
[PlyCount "118"]
[EventDate "2017.09.30"]
[EventType "swiss"]
[EventRounds "9"]
[EventCountry "ESP"]
[SourceTitle "CBM 181 Extra"]
[Source "ChessBase"]
[SourceDate "2017.12.12"]
[SourceVersion "1"]
[SourceVersionDate "2017.12.12"]
[SourceQuality "1"]

1. e4 c5 2. d4 cxd4 3. c3 dxc3 4. Nxc3 Nc6 5. Nf3 d6 6. Bc4 e6 7. 0-0 Nf6 8. Qe2 Be7 9. Rd1 e5 10. Be3 0-0 11. Rac1 a6 12. Bb3 Be6 13. Bd5 Ng4 14. Bc5 Nf6 15. Ba3 Bg4 16. Bxc6 bxc6 17. Na4 Bxf3 18. Qxf3 d5 19. Bxe7 Qxe7 20. exd5 cxd5 21. Nb6 Rab8 22. Nxd5 Nxd5 23. Qxd5 Rxb2 24. Rc3 Qe6 25. Qxe6 fxe6 26. f3 Rxa2 27. Rc7 Kh8 28. h3 a5 29. Rdd7 Rg8 30. Ra7 e4 31. fxe4 Re2 32. Rd4 h5 33. Rxa5 g6 34. Ra7 Rg7 35. Ra8+ Kh7 36. Re8 Rf7 37. h4 g5 38. hxg5 e5 39. Ra4 Kg6 40. Rg8+ Rg7 41. Rxg7+ Kxg7 42. Kf1 Rb2 43. Ra5 Kg6 44. Rxe5 h4 45. Kg1 Rc2 46. Kh2 Rc3 47. Rf5 Re3 48. Re5 Rd3 49. Kg1 Rd2 50. Kf1 Rc2 51. Ra5 Rb2 52. e5 h3 53. gxh3 Kxg5 54. Ra4 Kf5 55. Kg1 Kxe5 56. Rg4 Kf5 57. Rg8 Ke6 58. Rf8 Ke7 59. Rf3 Ke6 1/2-1/2

[Event "Maresme op 14th"]
[Site "Maresme"]
[Date "2017.10.21"]
[Round "3"]
[White "Maza Navarro, Llorens"]
[Black "Ten Gomez, Sergi"]
[Result "0-1"]
[WhiteElo "1543"]
[BlackElo "1827"]
[PlyCount "58"]
[EventDate "2017.09.30"]
[EventType "swiss"]
[EventRounds "9"]
[EventCountry "ESP"]
[SourceTitle "CBM 181 Extra"]
[Source "ChessBase"]
[SourceDate "2017.12.12"]
[SourceVersion "1"]
[SourceVersionDate "2017.12.12"]
[SourceQuality "1"]

1. g3 e6 2. Bg2 d6 3. Nf3 g6 4. d3 Bg7 5. e4 b6 6. e5 Bb7 7. exd6 cxd6 8. c3 e5 9. Qb3 Qe7 10. 0-0 Nf6 11. Nbd2 0-0 12. Re1 Nbd7 13. d4 Rac8 14. dxe5 dxe5 15. Qc2 Rfd8 16. Nf1 Nd5 17. Bg5 f6 18. Bd2 Nc5 19. a3 Ba6 20. c4 Ne6 21. Nxe5 fxe5 22. Bxd5 Rxd5 23. Qa4 Bxc4 24. Rac1 b5 25. Qc2 Nd4 26. Qe4 Qf7 27. Re3 Bh6 28. b3 Bxe3 29. bxc4 Qxf2+ 0-1

[Event "Mataro Vinas Memorial 13th"]
[Site "Mataro"]
[Date "2017.04.29"]
[Round "2"]
[White "Ten Gomez, Sergi"]
[Black "Fabregas Fernandez, Bernat"]
[Result "1/2-1/2"]
[WhiteElo "1762"]
[BlackElo "2149"]
[PlyCount "96"]
[EventDate "2017.04.22"]
[EventType "swiss"]
[EventRounds "8"]
[EventCountry "ESP"]
[SourceTitle "CBM 187 Extra"]
[Source "ChessBase"]
[SourceDate "2018.11.04"]
[SourceVersion "1"]
[SourceVersionDate "2018.11.04"]
[SourceQuality "1"]

1. e4 e6 2. g3 d5 3. Bg2 dxe4 4. Bxe4 Nf6 5. Bg2 Nc6 6. d3 e5 7. Nf3 Bc5 8. Nc3 0-0 9. Be3 Bxe3 10. fxe3 Qe7 11. 0-0 e4 12. dxe4 Nxe4 13. Nxe4 Qxe4 14. Qd3 Bf5 15. Qxe4 Bxe4 16. Nd4 Bxg2 17. Kxg2 Ne5 18. Rad1 a6 19. h3 Rfe8 20. b3 g6 21. Rd2 Re7 22. c4 Rae8 23. Rfd1 Rd8 24. Nc2 Red7 25. Rxd7 Rxd7 26. Rxd7 Nxd7 27. Kf3 Kg7 28. Ke4 Kf6 29. Kd4 Ke6 30. b4 Ne5 31. a4 Nf3+ 32. Kd3 Ne5+ 33. Kd4 h5 34. b5 a5 35. c5 b6 36. c6 Nf3+ 37. Kd3 Kd5 38. e4+ Kc5 39. Ne3 Ng5 40. Nd5 Kd6 41. h4 Ne6 42. Nf6 Nc5+ 43. Kc4 Ke7 44. Nd5+ Kd8 45. Nc3 Ne6 46. Kd5 Ke7 47. Ke5 Nc5 48. Nd5+ Kd8 1/2-1/2

[Event "Mataro Maresme op-A 13th"]
[Site "Mataro"]
[Date "2016.12.02"]
[Round "9"]
[White "Garcia Argemi, Josep"]
[Black "Ten Gomez, Sergi"]
[Result "0-1"]
[WhiteElo "1543"]
[BlackElo "1783"]
[PlyCount "48"]
[EventDate "2016.10.08"]
[EventType "swiss"]
[EventRounds "9"]
[EventCountry "ESP"]
[SourceTitle "EXT 2018"]
[Source "ChessBase"]
[SourceDate "2017.10.13"]
[SourceVersion "1"]
[SourceVersionDate "2017.10.13"]
[SourceQuality "1"]

1. Nf3 Nc6 2. d4 d6 3. g3 g6 4. Bg2 Bg7 5. 0-0 Nf6 6. Bg5 h6 7. Bxf6 Bxf6 8. Qd2 e5 9. dxe5 Nxe5 10. Nxe5 Bxe5 11. Nc3 c6 12. e4 g5 13. Kh1 Qf6 14. f4 Bxc3 15. bxc3 gxf4 16. Rxf4 Qe5 17. Rd1 Ke7 18. Bf3 Be6 19. a3 Rag8 20. c4 Rg5 21. Qb4 Bc8 22. Rxd6 c5 23. Qd2 Be6 24. c3 Qxd6 0-1

[Event "Mataro Maresme op-A 13th"]
[Site "Mataro"]
[Date "2016.11.05"]
[Round "5"]
[White "Llopis Jordan, Lluis"]
[Black "Ten Gomez, Sergi"]
[Result "1-0"]
[WhiteElo "1737"]
[BlackElo "1783"]
[PlyCount "69"]
[EventDate "2016.10.08"]
[EventType "swiss"]
[EventRounds "9"]
[EventCountry "ESP"]
[SourceTitle "EXT 2018"]
[Source "ChessBase"]
[SourceDate "2017.10.13"]
[SourceVersion "1"]
[SourceVersionDate "2017.10.13"]
[SourceQuality "1"]

1. d4 f5 2. c4 e6 3. Nc3 Nf6 4. Bg5 Bb4 5. Qc2 0-0 6. Nf3 d6 7. e3 Nc6 8. Be2 e5 9. 0-0 Bxc3 10. bxc3 a6 11. Bxf6 Qxf6 12. Nd2 Kh8 13. f4 Bd7 14. Nb3 exf4 15. exf4 Rae8 16. Bd3 Re3 17. Rae1 Rfe8 18. Rxe3 Rxe3 19. Qd2 Qe7 20. Kf2 Re6 21. d5 Rg6 22. dxc6 Bxc6 23. g3 d5 24. Re1 Re6 25. Bxf5 Rxe1 26. Qxe1 Qa3 27. Qd2 Qf8 28. cxd5 Bb5 29. Be6 Qd6 30. Nd4 Bc4 31. Nf5 Qb6+ 32. Kg2 Qb1 33. Kh3 Qf1+ 34. Kh4 Be2 35. Qd4 1-0

[Event "Mataro Maresme op-A 13th"]
[Site "Mataro"]
[Date "2016.10.29"]
[Round "4"]
[White "Ten Gomez, Sergi"]
[Black "Moriche Vivas, Carlos"]
[Result "0-1"]
[WhiteElo "1783"]
[BlackElo "1419"]
[PlyCount "108"]
[EventDate "2016.10.08"]
[EventType "swiss"]
[EventRounds "9"]
[EventCountry "ESP"]
[SourceTitle "EXT 2018"]
[Source "ChessBase"]
[SourceDate "2017.10.13"]
[SourceVersion "1"]
[SourceVersionDate "2017.10.13"]
[SourceQuality "1"]

1. e4 e5 2. d4 exd4 3. Bc4 Nf6 4. Nf3 Bc5 5. Bg5 Nc6 6. e5 Qe7 7. Qe2 h6 8. Bxf6 gxf6 9. exf6 Qxe2+ 10. Kxe2 d6 11. Re1 Be6 12. Kf1 Kd7 13. Nbd2 Nb4 14. Bb3 Rae8 15. a3 Nd5 16. Ne4 Bb6 17. Rad1 c5 18. Ba4+ Kc7 19. Bxe8 Rxe8 20. Nfd2 Nf4 21. Ng3 Ba5 22. Kg1 Rg8 23. Re4 Ng6 24. Nh5 d5 25. Rxe6 fxe6 26. Nb3 Bb6 27. Re1 Kd6 28. Ng7 e5 29. Nf5+ Ke6 30. Nxh6 Rh8 31. Ng4 c4 32. Nc1 e4 33. b3 Kf5 34. h3 Ne5 35. Nxe5 Kxe5 36. bxc4 dxc4 37. Kf1 Rf8 38. Ne2 Rxf6 39. f4+ Kd5 40. g3 Bc5 41. Rb1 b6 42. a4 a6 43. h4 d3 44. cxd3 exd3 45. Rd1 Ke4 46. Nc3+ Kd4 47. Ne2+ Ke3 48. Nc3 Rd6 49. Re1+ Kd4 50. Nd1 c3 51. Ne3 c2 52. Nf5+ Kc3 53. Nxd6 Bxd6 54. h5 d2 0-1

[Event "Llinars del Valles op-A 9th"]
[Site "Llinars del Valles"]
[Date "2015.04.25"]
[Round "3"]
[White "Martinez Perez, Pablo"]
[Black "Ten Gomez, Sergi"]
[Result "1/2-1/2"]
[WhiteElo "1810"]
[BlackElo "1806"]
[PlyCount "119"]
[EventDate "2015.04.11"]
[EventType "swiss"]
[EventRounds "9"]
[EventCountry "ESP"]
[SourceTitle "EXT 2016"]
[Source "ChessBase"]
[SourceDate "2015.10.08"]
[SourceVersion "1"]
[SourceVersionDate "2015.10.08"]
[SourceQuality "1"]

1. e4 d6 2. d4 Nf6 3. Nc3 c6 4. f4 Qb6 5. e5 dxe5 6. fxe5 Nd5 7. Nxd5 cxd5 8. Bd3 e6 9. Ne2 Nc6 10. c3 Be7 11. 0-0 Nxe5 12. Bc2 0-0 13. Nf4 Ng6 14. Qh5 Bd6 15. Rf3 Bxf4 16. Bxf4 e5 17. Bxg6 hxg6 18. Qxe5 Qxb2 19. Rff1 Qxc3 20. Qxd5 Be6 21. Qc5 Rfc8 22. Qxc3 Rxc3 23. Rfb1 b6 24. a4 Rd3 25. a5 bxa5 26. Rxa5 Rxd4 27. Rb8+ Rxb8 28. Bxb8 a6 29. Rxa6 g5 30. Ra1 Rd2 31. Ba7 Bd5 32. Bf2 Kh7 33. Re1 Kg6 34. Re5 f6 35. Re3 Kf5 36. g3 Kg4 37. h4 g6 38. hxg5 Kxg5 39. Re7 Kg4 40. Re3 g5 41. Kf1 Bf3 42. Re6 f5 43. Re7 Rd1+ 44. Re1 Rd7 45. Ra1 Rh7 46. Ra4+ Be4 47. Ke2 Rb7 48. Ra1 Rb3 49. Rc1 Rxg3 50. Bxg3 Kxg3 51. Rg1+ Bg2 52. Ra1 f4 53. Ra5 f3+ 54. Kd2 g4 55. Ke3 Kh2 56. Rh5+ Kg1 57. Rf5 g3 58. Kf4 Kh2 59. Rh5+ Kg1 60. Kxg3 1/2-1/2

[Event "Llinars del Valles op-A 9th"]
[Site "Llinars del Valles"]
[Date "2015.04.11"]
[Round "1"]
[White "Romero Perera, Eugeni"]
[Black "Ten Gomez, Sergi"]
[Result "1/2-1/2"]
[WhiteElo "2022"]
[BlackElo "1806"]
[PlyCount "101"]
[EventDate "2015.04.11"]
[EventType "swiss"]
[EventRounds "9"]
[EventCountry "ESP"]
[SourceTitle "EXT 2016"]
[Source "ChessBase"]
[SourceDate "2015.10.08"]
[SourceVersion "1"]
[SourceVersionDate "2015.10.08"]
[SourceQuality "1"]

1. d4 Nf6 2. Nf3 e6 3. c4 Bb4+ 4. Bd2 Bxd2+ 5. Nbxd2 0-0 6. e3 d5 7. Bd3 Qe7 8. 0-0 Rd8 9. Qc2 Nc6 10. a3 e5 11. cxd5 Rxd5 12. Bc4 Rd8 13. Ng5 Rf8 14. d5 Nd8 15. Rac1 h6 16. Nge4 Bf5 17. Nxf6+ Qxf6 18. e4 Bd7 19. Qc3 Rc8 20. Rfe1 b5 21. Ba2 Nb7 22. Nb3 c5 23. dxc6 Rxc6 24. Qe3 Qg6 25. Rxc6 Bxc6 26. f3 Rd8 27. Qxa7 Qd6 28. Qe3 b4 29. Nc1 bxa3 30. bxa3 Nc5 31. h3 Ne6 32. Bxe6 Qxe6 33. Qb3 Qd7 34. Qe3 Ba4 35. Ne2 Qd6 36. Nc3 Qxa3 37. Nd5 Qxe3+ 38. Rxe3 Rb8 39. Rc3 Bb3 40. Ne7+ Kf8 41. Nf5 Be6 42. Ne3 Rb2 43. Ra3 Ke7 44. Ra5 Re2 45. Ra7+ Kf6 46. Ra3 Kg5 47. Kh2 g6 48. Kg3 h5 49. h4+ Kf6 50. Nd1 Rc2 51. Ra6 1/2-1/2

[Event "Mataro op 11th"]
[Site "Mataro"]
[Date "2014.10.11"]
[Round "3"]
[White "Ten Gomez, Sergi"]
[Black "Silva Schultze, Luis"]
[Result "1/2-1/2"]
[WhiteElo "1998"]
[BlackElo "1906"]
[PlyCount "103"]
[EventDate "2014.09.27"]
[EventType "swiss"]
[EventRounds "9"]
[EventCountry "ESP"]
[SourceTitle "EXT 2016"]
[Source "ChessBase"]
[SourceDate "2015.10.08"]
[SourceVersion "1"]
[SourceVersionDate "2015.10.08"]
[SourceQuality "1"]

1. e4 c5 2. b3 Nc6 3. Bb2 e5 4. Bc4 d6 5. d3 Nf6 6. Nc3 Na5 7. Bb5+ Bd7 8. Nge2 Bxb5 9. Nxb5 a6 10. Nbc3 Nc6 11. a4 Be7 12. 0-0 0-0 13. f4 Nd4 14. f5 Ng4 15. Nd5 Nxe2+ 16. Qxe2 Nf6 17. Ne3 h6 18. Rf3 Kh8 19. Raf1 b5 20. Rh3 bxa4 21. bxa4 Rb8 22. Bc1 Kh7 23. Ng4 Nxg4 24. Qxg4 Rh8 25. Rg3 Bf6 26. Qh5 Qe7 27. Rh3 Kg8 28. Rg3 Kf8 29. Bd2 Rb2 30. Qd1 Qb7 31. Bc1 Ra2 32. c4 Qb4 33. Rf2 Qxa4 34. Qxa4 Rxa4 35. Rb2 Rb4 36. Rf3 Rxb2 37. Bxb2 Ke7 38. Kf1 Kd7 39. Ke1 Rb8 40. Rf2 Rb3 41. Bc1 Bd8 42. Ra2 a5 43. Ke2 Kc6 44. Bd2 h5 45. Bxa5 Bxa5 46. Rxa5 Rb2+ 47. Kf3 Rd2 48. Ra3 Kb6 49. h4 f6 50. g3 Kb7 51. Ke3 Rb2 52. Ra1 1/2-1/2

[Event "Mataro op 11th"]
[Site "Mataro"]
[Date "2014.10.04"]
[Round "2"]
[White "Cutura Sole, Alexandre"]
[Black "Ten Gomez, Sergi"]
[Result "0-1"]
[WhiteElo "1905"]
[BlackElo "1998"]
[PlyCount "112"]
[EventDate "2014.09.27"]
[EventType "swiss"]
[EventRounds "9"]
[EventCountry "ESP"]
[SourceTitle "EXT 2016"]
[Source "ChessBase"]
[SourceDate "2015.10.08"]
[SourceVersion "1"]
[SourceVersionDate "2015.10.08"]
[SourceQuality "1"]

1. e4 d6 2. d4 Nf6 3. Nc3 c6 4. Bd3 Qb6 5. Nge2 e5 6. dxe5 Ng4 7. 0-0 Nxe5 8. h3 Be7 9. b3 Nbd7 10. Na4 Qc7 11. Bb2 Nf6 12. Nf4 g5 13. Ne2 g4 14. h4 Rg8 15. Bxe5 dxe5 16. g3 Be6 17. Kg2 0-0-0 18. Qe1 Nxe4 19. Bxe4 f5 20. Bd3 Bd5+ 21. Kg1 f4 22. Bc4 f3 23. Nec3 Bxh4 24. Ne4 Be7 25. Bxd5 Rxd5 26. Qe3 Kb8 27. Rad1 Rgd8 28. Rxd5 Rxd5 29. Nac3 Rd8 30. Rd1 Rxd1+ 31. Nxd1 Qd7 32. Ndc3 Qf5 33. Qh6 Bb4 34. Qf6 Qxf6 35. Nxf6 Bxc3 36. Nxh7 e4 37. Ng5 Kc7 38. Nxe4 Bg7 39. Kf1 Kb6 40. Ke1 c5 41. Kd2 Kc6 42. Ke3 Bh6+ 43. Kd3 Bg7 44. Ke3 Be5 45. Kd3 b5 46. c4 b4 47. Ng5 Bd4 48. Ne4 a5 49. Kd2 Kd7 50. Ke1 Ke6 51. Ng5+ Kf5 52. Nf7 Bg7 53. Nd6+ Ke5 54. Nb7 Kd4 55. Kd2 Bh6+ 56. Kc2 Be3 0-1